| 000 | 00334nam a22001337a 4500 | ||
|---|---|---|---|
| 008 | 180809b xxu||||| |||| 00| 0 eng d | ||
| 020 | _a0845110233 | ||
| 041 | _aeng | ||
| 080 |
_24 th _a616.053 |
||
| 100 | _a7 | ||
| 101 | _aKAR | ||
| 245 |
_aMorphogenesis and malformation of the cardiovascular system _cLISS.A.R |
||
| 942 |
_2udc _cBK |
||
| 999 |
_c46959 _d46959 |
||